| 000 | 01278nam a2200325Ia 4500 | ||
|---|---|---|---|
| 001 | ebr10278011 | ||
| 003 | CaPaEBR | ||
| 006 | m u | ||
| 007 | cr cn||||||||| | ||
| 008 | 780821t19791977enk sb 001 0 eng d | ||
| 010 | _z 78011904 | ||
| 020 | _z9780195024920 | ||
| 020 | _z0195024923 | ||
| 040 |
_aCaPaEBR _cCaPaEBR |
||
| 035 | _a(OCoLC)252583496 | ||
| 050 | 1 | 4 |
_aHQ799.7 _b.F37 1979eb |
| 100 | 1 | _aFass, Paula S. | |
| 245 | 1 | 4 |
_aThe damned and the beautiful _h[electronic resource] : _bAmerican youth in the 1920's / _cPaula S. Fass. |
| 260 |
_aOxford ; _aNew York : _bOxford University Press, _c1979, c1977. |
||
| 300 | _axii, 497 p. | ||
| 504 | _aIncludes bibliographical references and index. | ||
| 533 |
_aElectronic reproduction. _bPalo Alto, Calif. : _cebrary, _d2011. _nAvailable via World Wide Web. _nAccess may be limited to ebrary affiliated libraries. |
||
| 650 | 0 |
_aYouth _zUnited States _xHistory. |
|
| 650 | 0 |
_aConflict of generations _zUnited States. |
|
| 650 | 0 | _aSubculture. | |
| 651 | 0 |
_aUnited States _xSocial conditions _y1918-1932. |
|
| 655 | 7 |
_aElectronic books. _2local |
|
| 710 | 2 | _aebrary, Inc. | |
| 856 | 4 | 0 |
_uhttp://site.ebrary.com/lib/rucke/Doc?id=10278011 _zAn electronic book accessible through the World Wide Web; click to view |
| 999 |
_c4145 _d4145 |
||